000 00674nam a2200169Ia 4500
005 20251020182611.0
008 200515s9999 xx 000 0 und d
082 _aSC/666.947/G69
100 _aGONZALES DE LA COTERA S., Manuel
245 0 _aRequerimientos del cemento en los reglamentos de construcción
260 _aLima
260 _c1998
300 _a50
520 _ael Reglamento Nacional de Construcciones y el código de diseño de concreto del American concrete Institute establecen prescripciones que atañen a los cementos e inciden en el desarrollo del producto. Recientemente, se ha introducido el concepto de materia
650 _aCEMENTO
942 _cLIB
999 _c3357
_d3357